Movies Quiz

Random Movies or Clickable Quiz

Match the Mixed-Up Movies Quiz Stats

 Plays Quiz Updated Sep 25, 2015

Challenge
Share
Tweet
Score 0/30 Timer 04:00
0 Plays Today
% Correct
Tiffany's
96.8%
Ryan
95.1%
Prejudice
94%
Hunting
91.6%
vs.
89.5%
Cop
89.2%
Daisy
88.4%
V
88.3%
Jacket
88.2%
Linings
85.2%
Scoundrels
84.8%
Las
82.8%
by
81.9%
Shut
79.2%
12
79.1%
% Correct
Love.
78.3%
Blondes
76.8%
Dandy
73.5%
X
71.9%
Ross
68.9%
Dark
66.7%
Dolce
62.9%
Don't
62.2%
Slevin
62%
Than
60.5%
Wait
59.5%
Baby
58%
Sam
57.2%
Howl's
44.5%
Girl
42.8%

You're not logged in!

Compare scores with friends on all Sporcle quizzes.
OR
Log In

You Might Also Like...

Show Comments

Extras

Top Quizzes Today


Score Distribution

Your Account Isn't Verified!

In order to create a playlist on Sporcle, you need to verify the email address you used during registration. Go to your Sporcle Settings to finish the process.

Report this User

Report this user for behavior that violates our Community Guidelines.

Details: